000 00725nam a2200193Ii 4500
003 JO-AjNU
008 230605s9999||||xx |||||||||||||| ||und||
040 _aJO-AjNU
_bara
_erda
_cJO-AjNU
041 _aara
050 1 4 _aKRM4202.1990
100 3 _aخليل، أحمد محمود,
_eauthor
_913604
245 0 0 _aجرائم هتك العرض
264 3 1 _aالاسكندرية : دار المطبوعات الجديدة، 1990
300 _a183ص
336 _atext
_btxt
_2rdacontent
337 _aunmediated
_bn
_2rdamedia
338 _avolume
_bnc
_2rdacarrier
650 4 _aهتك العرض -- قوانين وتشريعات -- مصر-- جرائم الآداب العامة -- قوانين وتشريعات -- مصر
_913605
999 _aA3430
_c6998
_d6998